Cells : Principles of molecular structure and function. Student study guide
The book is organized into 16 chapiters, corresponding to the 16 chapiters in Cells. Each chapiter contains six sections: Chapiter summary, definition of bold-faced terms, drill questions, answers to the drill questions, thought questions and references for additional reading
Guardat en:
| Autor principal: | |
|---|---|
| Format: | Llibre |
| Idioma: | Undetermined |
| Publicat: |
Boston, MA
Jones and Bartlett
1988
|
| Matèries: | |
| Etiquetes: |
Afegir etiqueta
Sense etiquetes, Sigues el primer a etiquetar aquest registre!
|
| Thư viện lưu trữ: | Trung tâm Học liệu Trường Đại học Cần Thơ |
|---|
| LEADER | 00892nam a2200229Ia 4500 | ||
|---|---|---|---|
| 001 | CTU_15018 | ||
| 008 | 210402s9999 xx 000 0 und d | ||
| 020 | |b 36.50df | ||
| 020 | |c 36.50 | ||
| 082 | |a 571.6076 | ||
| 082 | |b P929 | ||
| 100 | |a Prescott, David M | ||
| 245 | 0 | |a Cells : | |
| 245 | 0 | |b Principles of molecular structure and function. Student study guide | |
| 245 | 0 | |c David M Prescott | |
| 260 | |a Boston, MA | ||
| 260 | |b Jones and Bartlett | ||
| 260 | |c 1988 | ||
| 520 | |a The book is organized into 16 chapiters, corresponding to the 16 chapiters in Cells. Each chapiter contains six sections: Chapiter summary, definition of bold-faced terms, drill questions, answers to the drill questions, thought questions and references for additional reading | ||
| 650 | |a Cells,Cytology | ||
| 904 | |i Minh, Huỳnh Mai | ||
| 980 | |a Trung tâm Học liệu Trường Đại học Cần Thơ | ||